00606nam a22001937a 450000500170000000800410001702000180005804000210007604100080009708200160010510000270012124501090014825000120025726000330026930000100030265000440031270000240035670000320038020250913102857.0250913b |||||||| |||| 00| 0 eng d a9789358495362 aIN-DiNCcIN-DiNC deng a371.26bDEK aDeka, Nabanitaeauthor aMeasurement and evaluation in education (Major11)/cby Nabanita Deka, Lokman Ali and Pulak Bhattacharyya a1st ed. aDibrugarh:bBanalata,c2025. a382p. aMeasurement and evaluation in education aAli, Lokmaneauthor aBhattcharyya, Pulakeauthor